00862 2200301 4500001002100000005001700021008004100038020001800079035002400097082001000121090001700131100002400148245010300172250001100275260003200286300002200318500003800340500003100378650002900409700002000438700001900458700001900477850001500496980001300511985000600524999001500530999001500545YOGYA-0209000002615020090227024029.0 ind  a979-581-652-3 0010-020900000026150 a305.4 a305.4bOll S aOLLENBURGER, Jane C aSosiologi wanitacJane C. Ollenburger, Hellen A. Moore ; penerjemah, Budi Sucahyono, Yan Sumaryana aCet. 1 aJakartabRineka Ciptac1996 ax, 299 hlmc21 cm aJudul asli : a sociology of women aBibliografi : hlm. 280-299 aWanita - Keadilan sosial aMoore, Hellen A aBudi Sucahyono aSumaryana, Yan aYOPDYOG(B) a9-1-2007 a2 a06A0013781 a06A0013782